British Birds by Picture - Larks - Statistics

General Stats
  • This quiz has been taken 7 times
  • The average score is 6 of 9
Answer Stats
Picture Hint Answer % Correct
Alauda arvensis Eurasian Skylark
100%
Eremophila alpestris Horned Lark
100%
Melanocorypha yeltoniensis Black Lark
80%
Galerida cristata Crested Lark
80%
Lullula arborea Woodlark
80%
Melanocorypha bimaculata Bimaculated Lark
60%
Melanocorypha calandra Calandra Lark
60%
Calandrella brachydactyla Greater Short-Toed Lark
40%
Alauda leucoptera White-Winged Lark
40%
No matching quizzes found
Score Distribution
Percent of People with Each Score
Percentile by Number Answered
Your Score History
You have not taken this quiz